NJ Municipalities - All of NJ - Statistics

General Stats
  • This quiz has been taken 2,435 times
  • The average score is 160 of 564
Answers on the Map
Answers color-coded by a green-red scale on the quiz's map according to % correct below.
 
Answer Stats
Answer % Correct
Newark
83%
Trenton
80%
Cape May
78%
Jersey City
78%
Atlantic City
76%
Camden
74%
Hoboken
68%
Ocean Township
68%
Union City
68%
Elizabeth
67%
Paterson
67%
New Brunswick
66%
Princeton
66%
East Orange
65%
Edison Township
64%
Orange
64%
Toms River Township
64%
Morris Township
63%
Washington Borough
63%
Middle Township
61%
West Orange
61%
Bayonne
60%
Franklin Borough
59%
Morristown
59%
Wildwood
59%
Cherry Hill Township
57%
Asbury Park
56%
East Brunswick Township
56%
Passaic
56%
Upper Township
56%
Perth Amboy
55%
Hamilton Township
54%
Jackson Township
54%
Lakewood Township
54%
South Orange
54%
Brick Township
53%
Hackensack
53%
Mahwah
53%
Vineland
53%
Clifton
52%
Ocean City
52%
Fort Lee
51%
Long Branch
51%
Montclair
51%
South Brunswick Township
51%
Woodbridge Township
51%
Burlington City
50%
Egg Harbor Township
50%
West New York
50%
Deal
49%
East Rutherford
49%
Freehold Borough
49%
Linden
49%
North Brunswick Township
49%
Point Pleasant
49%
Wall Township
49%
Plainfield
48%
Rutherford
48%
Sussex
48%
Wayne Township
48%
Long Beach Township
47%
Secaucus
47%
South Amboy
47%
Monroe Township
46%
Paramus
46%
Rahway
46%
Red Bank
46%
Kearny
45%
Lower Township
45%
Middletown Township
45%
North Bergen
45%
Salem
45%
Seaside Heights
45%
Neptune City
44%
Piscataway Township
44%
Springfield Township
44%
Teaneck
44%
Edgewater
43%
Metuchen
43%
Old Bridge Township
43%
Sparta Township
43%
Weehawken
43%
Belmar
42%
Dover
42%
Harrison
42%
Ridgewood
42%
Alpine
41%
Bloomfield
41%
Bridgewater Township
41%
Caldwell
41%
Hope Township
41%
Irvington
41%
Jefferson Township
41%
Sayreville
41%
South Plainfield
41%
Warren Township
41%
Washington Township
41%
Westfield
41%
Clinton Town
40%
Englewood
40%
Green Township
40%
Livingston Township
40%
Gloucester City
39%
Little Egg Harbor Township
39%
Madison
39%
Manalapan Township
39%
Marlboro Township
39%
Somerville
39%
Summit
39%
Barnegat Township
38%
Manasquan
38%
Middlesex
38%
Ramsey
38%
Tenafly
38%
Berkeley Township
37%
Boonton Town
37%
Chester Borough
37%
Ewing Township
37%
Garfield
37%
Glassboro
37%
Ho-Ho-Kus
37%
Parsippany-Troy Hills Township
37%
Raritan Borough
37%
Atlantic Highlands
36%
Carteret
36%
Chatham Borough
36%
Clark
36%
Cranford
36%
Fairfield Township
36%
Lawrence Township
36%
North Plainfield
36%
Nutley
36%
West Milford
36%
Guttenberg
35%
Holmdel Township
35%
Maplewood Township
35%
Matawan
35%
Rockaway Borough
35%
Tinton Falls
35%
Vernon Township
35%
West Caldwell
35%
Aberdeen Township
34%
Avalon
34%
Bergenfield
34%
Colts Neck Township
34%
Fair Lawn
34%
Hazlet Township
34%
Lodi
34%
Millville
34%
Roselle
34%
Rumson
34%
Verona
34%
Wildwood Crest
34%
Allentown
33%
Flemington
33%
Franklin Township
33%
Freehold Township
33%
Hammonton
33%
Hanover Township
33%
Highlands
33%
Hopatcong
33%
Keansburg
33%
Newton
33%
North Caldwell
33%
North Wildwood
33%
Ringwood
33%
Saddle River
33%
Scotch Plains
33%
Belleville
32%
Bound Brook
32%
Denville Township
32%
East Newark
32%
Franklin Lakes
32%
Haddon Township
32%
Hopewell Borough
32%
Howell Township
32%
Manchester Township
32%
Phillipsburg
32%
Ventnor City
32%
Cranbury Township
31%
East Hanover Township
31%
East Windsor Township
31%
Hillsborough Township
31%
Keyport
31%
Morris Plains
31%
Pompton Lakes
31%
Ridgefield
31%
Sea Girt
31%
Totowa
31%
Union Township
31%
Upper Saddle River
31%
West Windsor Township
31%
Bernards Township
30%
Bordentown City
30%
Hackettstown
30%
Haddonfield
30%
Highland Park
30%
Hillside Township
30%
Milford
30%
Millburn Township
30%
Montville
30%
Mount Laurel Township
30%
Palisades Park
30%
Pennsauken
30%
Sea Isle City
30%
Teterboro
30%
Cliffside Park
29%
Delaware Township
29%
Little Falls
29%
Montvale
29%
Randolph Township
29%
Roselle Park
29%
Voorhees Township
29%
Watchung
29%
Woodland Township
29%
Absecon
28%
Avon-by-the-Sea
28%
Bedminster Township
28%
Cape May Point
28%
Eatontown
28%
Englewood Cliffs
28%
Moorestown Township
28%
Mount Olive Township
28%
North Arlington
28%
Oakland
28%
Point Pleasant Beach
28%
West Cape May
28%
Wyckoff
28%
Beach Haven
27%
Berkeley Heights
27%
Brigantine
27%
Glen Ridge
27%
Lyndhurst
27%
Medford Township
27%
Monmouth Beach
27%
Montgomery Township
27%
Pemberton Borough
27%
Plainsboro Township
27%
Robbinsville Township
27%
Seaside Park
27%
Spring Lake
27%
Surf City
27%
Andover Borough
26%
Bernardsville
26%
Bradley Beach
26%
Bridgeton
26%
Deptford Township
26%
Egg Harbor City
26%
Florham Park
26%
Galloway Township
26%
Kinnelon
26%
Lambertville
26%
Little Silver
26%
Manville
26%
Margate City
26%
Mendham Borough
26%
Mount Holly Township
26%
Old Tappan
26%
Pennington
26%
Saddle Brook
26%
Sea Bright
26%
Stone Harbor
26%
Upper Freehold Township
26%
Barnegat Light
25%
Berlin Borough
25%
Butler
25%
Dunellen
25%
Englishtown
25%
Garwood
25%
Hawthorne
25%
Lacey Township
25%
Lavallette
25%
Lincoln Park
25%
Millstone Borough
25%
Montague Township
25%
Neptune Township
25%
New Providence
25%
Oradell
25%
Pequannock Township
25%
Shrewsbury Borough
25%
Stafford Township
25%
Union Beach
25%
Westwood
25%
White Township
25%
Branchburg Township
24%
Burlington Township
24%
Dumont
24%
Fair Haven
24%
Fanwood
24%
Frenchtown
24%
Glen Rock
24%
Haledon
24%
Lakehurst
24%
Leonia
24%
Mountainside
24%
Netcong
24%
Pleasantville
24%
Roxbury Township
24%
South Hackensack
24%
Swedesboro
24%
Wanaque
24%
Bay Head
23%
Bellmawr
23%
Bogota
23%
Buena
23%
Cedar Grove
23%
Cinnaminson Township
23%
Collingswood
23%
Dennis Township
23%
Fairview
23%
Hillsdale
23%
Jamesburg
23%
Kenilworth
23%
Mantoloking
23%
Milltown
23%
South Bound Brook
23%
West Long Branch
23%
Wharton
23%
Allendale
22%
Carlstadt
22%
Cresskill
22%
Elmwood Park
22%
Essex Fells
22%
Farmingdale
22%
Green Brook
22%
Hasbrouck Heights
22%
New Milford
22%
Ridgefield Park
22%
Riverdale
22%
Riverside
22%
Rockaway Township
22%
Ship Bottom
22%
Somers Point
22%
South River
22%
Spotswood
22%
Tuckerton
22%
West Wildwood
22%
Wood-Ridge
22%
Allenhurst
21%
Alpha
21%
Belvidere
21%
Blairstown
21%
Bloomingdale
21%
Brielle
21%
Buena Vista Township
21%
Demarest
21%
Harvey Cedars
21%
Hopewell Township
21%
Lake Como
21%
Lebanon Borough
21%
Mansfield Township
21%
Medford Lakes
21%
Mountain Lakes
21%
Northvale
21%
Roosevelt
21%
Roseland
21%
Wantage Township
21%
West Deptford Township
21%
Boonton Township
20%
Chester Township
20%
Closter
20%
Commercial Township
20%
Evesham Township
20%
Florence Township
20%
Haddon Heights
20%
Hampton Borough
20%
High Bridge
20%
Hightstown
20%
Mullica Township
20%
North Haledon
20%
South Toms River
20%
Stanhope
20%
Tewksbury Township
20%
Wallington
20%
Bass River Township
19%
Beachwood
19%
Chatham Township
19%
Delran Township
19%
Emerson
19%
Far Hills
19%
Hamburg
19%
Linwood
19%
Little Ferry
19%
Mount Arlington
19%
Oceanport
19%
Park Ridge
19%
Penns Grove
19%
Pennsville Township
19%
Readington Township
19%
Allamuchy Township
18%
Alloway Township
18%
Bordentown Township
18%
Carneys Point Township
18%
Gloucester Township
18%
Greenwich Township
18%
Harding Township
18%
Lindenwold
18%
Maple Shade Township
18%
Maurice River Township
18%
Maywood
18%
Mendham Township
18%
Midland Park
18%
Moonachie
18%
Palmyra
18%
River Edge
18%
River Vale
18%
Waldwick
18%
Woodbine
18%
Woodbury
18%
Woodland Park
18%
Helmetta
17%
Liberty Township
17%
Loch Arbour
17%
Long Hill Township
17%
Longport
17%
Lopatcong Township
17%
Ogdensburg
17%
Prospect Park
17%
Rockleigh
17%
Shamong Township
17%
Southampton Township
17%
Spring Lake Heights
17%
Stockton
17%
Victory Gardens
17%
Walpack Township
17%
Willingboro Township
17%
Audubon
16%
Byram Township
16%
Chesterfield Township
16%
Clinton Township
16%
Corbin City
16%
Deerfield Township
16%
East Amwell Township
16%
Elmer
16%
Estell Manor
16%
Independence Township
16%
Lafayette Township
16%
Mine Hill Township
16%
Northfield
16%
Norwood
16%
Oxford Township
16%
Peapack-Gladstone
16%
Pemberton Township
16%
Pohatcong Township
16%
Raritan Township
16%
Riverton
16%
Rochelle Park
16%
Sandyston Township
16%
Shrewsbury Township
16%
West Amwell Township
16%
Winslow Township
16%
Alexandria Township
15%
Andover Township
15%
Eagleswood Township
15%
Folsom
15%
Frelinghuysen Township
15%
Glen Gardner
15%
Hardwick Township
15%
Interlaken
15%
Logan Township
15%
North Hanover Township
15%
Pittsgrove Township
15%
Plumsted Township
15%
Tabernacle Township
15%
Weymouth Township
15%
Winfield Township
15%
Branchville
14%
Delanco Township
14%
Edgewater Park
14%
Hardyston Township
14%
Harrington Park
14%
Haworth
14%
Lumberton Township
14%
Millstone Township
14%
National Park
14%
Paulsboro
14%
Pitman
14%
Port Republic
14%
Rocky Hill
14%
Beverly
13%
Bloomsbury
13%
Califon
13%
Clayton
13%
Eastampton Township
13%
Island Heights
13%
Lower Alloways Creek Township
13%
Mantua Township
13%
Ocean Gate
13%
Shiloh
13%
Stillwater Township
13%
Tavistock
13%
Upper Deerfield Township
13%
Westampton Township
13%
Woodcliff Lake
13%
Woodstown
13%
Berlin Township
12%
Bethlehem Township
12%
Downe Township
12%
Fredon Township
12%
Holland Township
12%
Kingwood Township
12%
Knowlton Township
12%
Lawnside
12%
Lebanon Township
12%
Mount Ephraim
12%
New Hanover Township
12%
Pine Beach
12%
Pine Hill
12%
Quinton Township
12%
Runnemeade
12%
Upper Pittsgrove Township
12%
Wrightstown
12%
Audubon Park
11%
Clementon
11%
Elk Township
11%
Frankford Township
11%
Gibbsboro
11%
Hainesport Township
11%
Harmony Township
11%
Mannington Township
11%
Newfield
11%
Oldmans Township
11%
Pilesgrove Township
11%
Waterford Township
11%
Westville
11%
Woodbury Heights
11%
Barrington
10%
East Greenwich Township
10%
Elsinboro Township
10%
Fieldsboro
10%
Hi-Nella
10%
Merchantville
10%
Oaklyn
10%
Somerdale
10%
Stow Creek Township
10%
Stratford
10%
Woolwich Township
10%
Brooklawn
9%
Hampton Township
9%
Magnolia
9%
South Harrison Township
9%
Chesilhurst
8%
Harrison Township
8%
Woodlynne
8%
Laurel Springs
7%
Wenonah
7%
No matching quizzes found
Score Distribution
Percent of People with Each Score
Percentile by Number Answered
Your Score History
You have not taken this quiz